<?xml version="1.0" encoding="UTF-8"?>
<record
    xmlns:xsi="http://www.w3.org/2001/XMLSchema-instance"
    xsi:schemaLocation="http://www.loc.gov/MARC21/slim http://www.loc.gov/standards/marcxml/schema/MARC21slim.xsd"
    xmlns="http://www.loc.gov/MARC21/slim">

  <leader>02302nam a2200205   4500</leader>
  <controlfield tag="005">20260109112634.0</controlfield>
  <controlfield tag="008">260108b        |||||||| |||| 00| 0 eng d</controlfield>
  <datafield tag="020" ind1=" " ind2=" ">
    <subfield code="a">9781350148819</subfield>
  </datafield>
  <datafield tag="041" ind1=" " ind2=" ">
    <subfield code="a">English</subfield>
  </datafield>
  <datafield tag="082" ind1=" " ind2=" ">
    <subfield code="a">745.4</subfield>
    <subfield code="b">BES</subfield>
  </datafield>
  <datafield tag="100" ind1=" " ind2=" ">
    <subfield code="a">Best Kathryn</subfield>
    <subfield code="9">216210</subfield>
  </datafield>
  <datafield tag="245" ind1=" " ind2=" ">
    <subfield code="a">Design Management: Managing Design Strategy, Process and Implementation</subfield>
  </datafield>
  <datafield tag="250" ind1=" " ind2=" ">
    <subfield code="a">2nd</subfield>
  </datafield>
  <datafield tag="260" ind1=" " ind2=" ">
    <subfield code="a">New Delhi</subfield>
    <subfield code="b">Bloomsbury</subfield>
    <subfield code="c">2024</subfield>
  </datafield>
  <datafield tag="300" ind1=" " ind2=" ">
    <subfield code="a">215</subfield>
  </datafield>
  <datafield tag="365" ind1=" " ind2=" ">
    <subfield code="b">3647.38</subfield>
    <subfield code="c">Rs.00</subfield>
  </datafield>
  <datafield tag="520" ind1=" " ind2=" ">
    <subfield code="a">What is Design Management? 
Why is Design Management Important? 
The Design Management TimeLine. 
PART ONE - MANAGING THE DESIGN STRATEGY 
KNOWLEDGE 
Identifying Opportunities for Design; Understanding the Audience and Market; Interpreting Client and Customer Needs; Auditing the Use of Design; Establishing the Design Strategy; Promoting and Selling the Design Strategy; Planning for Long-term Growth 
PRACTICE 
Case Study - The Argus3 Thermal Imaging Camera; Case Study - Camper; Interview - Dr Chris Luebkeman; Interview - Darryl Feldman. 
KEY SKILLS
 Managing Client Relations; Guiding Design Decisions; Developing Good Working Relationships; Verbal Communication. 
PART TWO - MANAGING THE DESIGN PROCESS 
KNOWLEDGE 
Giving Form to Business Strategy; Increasing Awareness with Design; Expressing the Brand through Design; Initiating Design Projects; Design Methods; Design Processes; Competitive Advantage Through Design. 
PRACTICE 
Case Study - Kajima Design Europe; Case Study - The Honda Zoomer; Interview - Mat Hunter; Interview - Brian Smith. 
KEY SKILLS 
Managing Creative Teams; Facilitating the Design Process; Developing Collaborative Cultures; Visual Communication. 
PART THREE - MANAGING THE DESIGN IMPLEMENTATION 
KNOWLEDGE 
The Project Management Process; Project Management in Practice; Social and Environmental Responsibilities; Design Policies, Procedures and Guidelines; Translating Global Design into Local Design; Measuring the Success of Design; Reviewing and Revising the Design Strategy. 
PRACTICE 
Case Study -Sprunk-Jansen and Ping-Pong Design; Case Study - The Silken Group; Interview - Colum Lowe; Interview - Lynne Elvins. 
KEY SKILLS 
Management and Leadership; Leading and Advocating Design; Written Communication.
Appendix 
</subfield>
  </datafield>
  <datafield tag="650" ind1=" " ind2=" ">
    <subfield code="a">Design</subfield>
  </datafield>
  <datafield tag="942" ind1=" " ind2=" ">
    <subfield code="c">BK</subfield>
  </datafield>
  <datafield tag="999" ind1=" " ind2=" ">
    <subfield code="c">369754</subfield>
    <subfield code="d">369754</subfield>
  </datafield>
  <datafield tag="952" ind1=" " ind2=" ">
    <subfield code="0">0</subfield>
    <subfield code="1">0</subfield>
    <subfield code="2">ddc</subfield>
    <subfield code="4">0</subfield>
    <subfield code="7">0</subfield>
    <subfield code="a">SOFT</subfield>
    <subfield code="b">SOFT</subfield>
    <subfield code="d">2026-01-03</subfield>
    <subfield code="e">Design Book Studio</subfield>
    <subfield code="g">3647.38</subfield>
    <subfield code="i">291</subfield>
    <subfield code="l">1</subfield>
    <subfield code="o">745.4 BES</subfield>
    <subfield code="p">SOFT-BK-4805</subfield>
    <subfield code="r">2026-02-20 15:45:45</subfield>
    <subfield code="s">2026-01-16</subfield>
    <subfield code="t">25%</subfield>
    <subfield code="v">4863.18</subfield>
    <subfield code="w">2025-12-16</subfield>
    <subfield code="y">BK</subfield>
  </datafield>
</record>
